000 00273nam a2200121Ia 4500
008 190216s9999||||xx |||||||||||||| ||und||
100 _aNull
245 0 _aHindi-Raj Nithi Ke Kavith
260 _bMac Millian And Com. Ltd
300 _a156
650 _aHindi
942 _cBK
999 _c15954
_d15954